Revolúcia v charite

Internetový portál Prizeo.com, ktorý vymysleli traja mladí ľudia, Slovák, Brit a Američan, ako stránku pre charitatívne lotérie. Rozhovor s jedným zo zakladateľov Andrejom Pančíkom o fungovaní stránky, o zháňaní investorov a o charitatívnej kampani.

Na minha lista:
Detalhes bibliográficos
Autor principal: Porubský, Juraj
Outros Autores: Fraňková, Karina, Pančík, Andrej
Formato: Capítulo de Livro
Idioma:eslovaco
Assuntos:
Tags: Adicionar Tag
Sem tags, seja o primeiro a adicionar uma tag!

MARC

LEADER 00000naa a2200000 4500
001 0183192
005 20231013090925.5
041 0 |a slo 
044 |a SK 
245 1 0 |a Revolúcia v charite  |c Juraj Porubský, Karina Fraňková, Andrej Pančík 
520 |a Internetový portál Prizeo.com, ktorý vymysleli traja mladí ľudia, Slovák, Brit a Američan, ako stránku pre charitatívne lotérie. Rozhovor s jedným zo zakladateľov Andrejom Pančíkom o fungovaní stránky, o zháňaní investorov a o charitatívnej kampani. 
610 2 0 |a internet 
610 2 0 |a stránky webové 
610 2 0 |a pomoc finančná 
610 2 0 |a dary 
100 1 |a Porubský, Juraj 
700 1 |a Fraňková, Karina 
700 1 |a Pančík, Andrej